Makroekonomika a nová makroekonomika

Recenzovaná publikácia je prekladom 5. vydania modernej učebnice teórie makroekonómie: FELDERER, B. - HOMBURG., S. : Makroekonomika a nová makroekonomika (Bratislava, Elita 1995. 448 s.). Koncepcia učebnice je založená na konfrontácii dvoch základných konkurujúcich si teoretických ortodoxií - klasic...

Full description

Saved in:
Bibliographic Details
Main Author: Gonda, Vladimír
Format: Book Chapter
Language:Slovak
Subjects:
Tags: Add Tag
No Tags, Be the first to tag this record!

MARC

LEADER 00000naa a2200000 4500
001 r020992
005 20230921121934.9
041 0 |a slo 
044 |a SK 
245 1 0 |a Makroekonomika a nová makroekonomika  |c Vladimír Gonda 
520 |a Recenzovaná publikácia je prekladom 5. vydania modernej učebnice teórie makroekonómie: FELDERER, B. - HOMBURG., S. : Makroekonomika a nová makroekonomika (Bratislava, Elita 1995. 448 s.). Koncepcia učebnice je založená na konfrontácii dvoch základných konkurujúcich si teoretických ortodoxií - klasicko-neoklasického a keynesovského učenia. V súčasnosti vyúsťujú do moderných modifikácií v podobe novej klasickej teórie, resp. neokeynesovských teórií. 
610 2 0 |a recenzie 
610 2 0 |a makroekonomika 
610 2 0 |a teórie ekonomické 
610 2 0 |a keynesizmus 
610 2 0 |a neokeynesizmus 
610 2 0 |a klasicizmus 
610 2 0 |a liberalizmus 
610 2 0 |a monetarizmus 
100 1 |a Gonda, Vladimír